[Event "Match"]
[Site "www.echecsemail.com"]
[Date "2018.02.06"]
[Round "1"]
[White "Mitja"]
[Black "Bojan"]
[WhiteElo "2100"]
[BlackElo "1970"]
[Result "1-0"]
[Round "1"]
1.d4 d5
2.e3 Bc8f5
3.c3 Qd8d7
4.h3 a6
5.Ng1e2 Ng8f6
6.Ne2g3 Bf5g6
7.Nb1d2 Nb8c6
8.b3 e5
9.dxe5 Nc6xe5
10.Bc1b2 Ne5d3
11.Bf1xd3 Bg6xd3
12.Nd2f3 Bd3b5
13.a4 Bb5c6
14.Nf3e5 Qd7d6
15.Ne5xc6 Qd6xc6
16.O-O a5
17.Qd1d4 Nf6d7
18.Rf1d1 Nd7b6
19.Qd4e5 Kd8
20.Ng3e4 f6
21.Qe5f5 Bf8e7
22.c4 Ke8
23.cxd5 Qc6d7
24.Qf5h5 g6
25.Qh5f3 Nb6xd5
26.Ne4xf6 Be7xf6
27.Bb2xf6 Rh8f8
28.Rd1xd5 Qd7c6
29.Rd5e5 Kf7
30.Re5e7 Kg8
31.Re7g7 Kh8
32.Rg7xg6 Rf8xf6
33.Qf3xf6 { resign }
1-0

[Event "Match"]
[Site "www.echecsemail.com"]
[Date "2018.02.06"]
[Round "1"]
[White "Micheles"]
[Black "Add"]
[WhiteElo "2560"]
[BlackElo "2110"]
[Result "1-0"]
[Round "1"]
1.d4 d5
2.Ng1f3 Nb8c6
3.c3 e5
4.Nf3xe5 Ng8f6
5.Nb1d2 Nf6g4
6.Ne5xc6 bxc6
7.e4 Ng4xf2
8.Kxf2 Qd8h4
9.g3 Qh4f6
10.Kg2 dxe4
11.Nd2xe4 Qf6d8
12.Bf1c4 h6
13.Qd1h5 Qd8e7
14.Rh1e1 Kd8
15.Bc1g5 hxg5
16.Qh5xh8 Bc8e6
17.Ne4xg5 Kd7
18.Ng5xe6 fxe6
19.Bc4xe6 Kd6
20.Qh8h5 Ra8b8
21.Qh5e5 { resign }
1-0

[Event "Match"]
[Site "www.echecsemail.com"]
[Date "2018.02.06"]
[Round "1"]
[White "Ditto"]
[Black "Pinehill"]
[WhiteElo "1870"]
[BlackElo "2070"]
[Result "0-1"]
[Round "1"]
1.e4 d5
2.exd5 Ng8f6
3.Nb1c3 g6
4.Bf1c4 Bf8g7
5.d3 Nb8d7
6.Ng1f3 Nd7b6
7.Bc1g5 O-O
8.O-O Rf8e8
9.Bc4b3 Nf6xd5
10.Nc3e4 Bg7xb2
11.Ra1b1 Bb2g7
12.Rf1e1 f5
13.Ne4d2 Bg7f6
14.c4 Bf6xg5
15.cxd5 Qd8d6
16.Nf3xg5 Nb6xd5
17.Qd1f3 c6
18.Qf3h3 h5
19.Nd2c4 Qd6f4
20.Ng5e6 Bc8xe6
21.Nc4a5 Be6f7
22.Na5xb7 Nd5c3
23.Rb1c1 Nc3e2
24.Kf1 Ne2xc1
25.Bb3xf7 Kxf7
26.Nb7c5 Nc1xa2
27.Nc5d7 e5
28.Nd7c5 a5
29.Re1b1 Ra8b8
30.Rb1a1 Qf4d2
31.Qh3f3 Na2c1
32.g3 Rb8b2
33.Kg2 Nc1b3
34.Ra1d1 Qd2g5
35.Qf3xc6 Nb3xc5
36.Qc6xc5 f4
37.Qc5d5 { time. }
0-1

[Event "Match"]
[Site "www.echecsemail.com"]
[Date "2018.02.06"]
[Round "1"]
[White "Micheles"]
[Black "Ericleo1980"]
[WhiteElo "2550"]
[BlackElo "2200"]
[Result "1-0"]
[Round "1"]
1.d4 Ng8f6
2.Ng1f3 g6
3.Bc1g5 Bf8g7
4.Nb1d2 d5
5.e3 Bc8f5
6.c4 c6
7.Qd1b3 Bf5c8
8.Bf1d3 O-O
9.O-O Nb8d7
10.cxd5 cxd5
11.Ra1c1 b6
12.Bg5f4 Nf6h5
13.Bf4c7 Qd8e8
14.Qb3xd5 Ra8b8
15.Bc7xb8 Nd7xb8
16.Rc1c7 a5
17.Rf1c1 Bc8e6
18.Qd5b7 Bg7f6
19.Qb7xb6 Qe8a4
20.Bd3c4 Nh5g7
21.e4 Be6xc4
22.Rc7xc4 Qa4xa2
23.Qb6b5 Ng7h5
24.Rc4c8 { resign }
1-0

[Event "Match"]
[Site "www.echecsemail.com"]
[Date "2018.02.06"]
[Round "1"]
[White "Raulazo"]
[Black "Ditto"]
[WhiteElo "1820"]
[BlackElo "1990"]
[Result "1-0"]
[Round "1"]
1.e4 e5
2.Ng1f3 Nb8c6
3.Bf1c4 Ng8f6
4.Nf3g5 d5
5.exd5 Nc6d4
6.d6 Qd8xd6
7.Ng5xf7 Qd6c6
8.O-O Qc6xc4
9.c3 Qc4xf7
10.cxd4 exd4
11.Rf1e1 Bf8e7
12.b3 O-O
13.Qd1e2 Be7d6
{ time. }
1-0

[Event "Match"]
[Site "www.echecsemail.com"]
[Date "2018.02.06"]
[Round "1"]
[White "Ditto"]
[Black "Azocarfreund"]
[WhiteElo "1990"]
[BlackElo "1770"]
[Result "0-1"]
[Round "1"]
1.e4 e5
2.Ng1f3 Nb8c6
3.Bf1b5 Nc6d4
4.Bb5c4 h6
5.Nf3xe5 Nd4e6
6.d3 Bf8c5
7.Nb1c3 Bc5d4
8.Qd1f3 Bd4xe5
9.Bc1d2 Ng8f6
10.O-O Nf6g8
11.Ra1b1 Ng8f6
12.Nc3b5 { time. }
0-1

[Event "Match"]
[Site "www.echecsemail.com"]
[Date "2018.02.06"]
[Round "1"]
[White "Ditto"]
[Black "Ztornad"]
[WhiteElo "1990"]
[BlackElo "1670"]
[Result "0-1"]
[Round "1"]
1.e4 e5
2.Ng1f3 d6
3.Bf1c4 Bc8e6
4.Bc4xe6 fxe6
5.d3 h6
6.Nb1c3 Nb8c6
7.O-O Qd8e7
8.Bc1e3 Nc6d4
9.Nf3xd4 exd4
10.Be3xd4 Qe7f7
11.Qd1e2 Ng8f6
12.Nc3b5 a6
13.Nb5c3 Bf8e7
14.e5 Nf6d7
15.Qe2e4 d5
16.Qe4e2 Be7c5
17.Bd4xc5 { time. }
0-1

[Event "Match"]
[Site "www.echecsemail.com"]
[Date "2018.02.06"]
[Round "1"]
[White "Obisporey"]
[Black "Gidi5"]
[WhiteElo "2590"]
[BlackElo "2330"]
[Result "1-0"]
[Round "1"]
1.e4 e6
2.d4 d5
3.Nb1c3 Ng8f6
4.Bc1g5 Bf8e7
5.e5 Nf6d7
6.h4 h6
7.Bg5xe7 Qd8xe7
8.Nc3b5 Qe7d8
9.f4 a6
10.Nb5a3 Qd8e7
11.Qd1d2 c5
12.c3 Nb8c6
13.Ng1f3 O-O
14.Bf1e2 b5
15.Na3c2 Bc8b7
16.g3 cxd4
17.cxd4 Nd7b6
18.b3 Rf8c8
19.O-O Rc8c7
20.Be2d3 Ra8c8
21.g4 g6
22.f5 Kh7
23.h5 gxf5
24.gxf5 Rc8g8
25.Kh2 Qe7f8
26.fxe6 Kh8
27.Nf3h4 Qf8g7
28.Rf1g1 { resign }
1-0

[Event "Tourn. n9574"]
[Site "www.chess-mail.com"]
[Date "2018.02.07"]
[Round "1"]
[White "Hundegana"]
[Black "Orhany24"]
[WhiteElo "2030"]
[BlackElo "2130"]
[Result "0-1"]
[Round "1"]
1.e4 e5
2.Bf1c4 Ng8f6
3.d3 d5
4.exd5 Nf6xd5
5.Bc4xd5 Qd8xd5
6.Qd1f3 Bc8e6
7.Qf3xd5 Be6xd5
8.f3 c5
9.c4 Bd5e6
10.Nb1c3 a6
11.Ng1e2 Nb8c6
12.a3 Bf8d6
13.O-O O-O
14.Nc3e4 Bd6e7
15.Bc1e3 Nc6d4
16.Ne2xd4 exd4
17.Be3f2 f5
18.Ne4d2 Be7g5
19.Nd2b3 b6
20.Ra1e1 Ra8e8
21.h4 Bg5f6
22.Nb3d2 h6
23.b4 g5
24.hxg5 hxg5
25.g3 Kg7
26.Kg2 Rf8h8
27.bxc5 bxc5
28.Rf1h1 Be6d7
29.Re1xe8 Rh8xe8
30.Rh1e1 Re8b8
31.Re1b1 Rb8xb1
32.Nd2xb1 Bd7a4
33.Nb1d2 Ba4c2
34.Bf2e1 Bc2xd3
35.Kf2 Bd3c2
36.Kg2 Kg6
37.g4 fxg4
38.fxg4 Bf6e5
39.Be1g3 Kf6
40.Bg3xe5 Kxe5
41.Kf3 Bc2d1
42.Kg3 a5
43.Nd2f1 a4
44.Nf1d2 d3
45.Kf2 Bd1xg4
46.Ke3 Bg4e2
47.Nd2b1 g4
48.Nb1c3 g3
49.Nc3xa4 g2
50.Kf2 d2
51.Na4c3 d1Q
52.Nc3xd1 Be2xd1
53.Kxg2 Kd4
54.Kf2 Kxc4
55.Ke1 Bd1a4
56.Kd2 Kb3
57.Kd3 Ba4b5
58.Kd2 Kxa3
59.Kc3 Ka4
60.Kc2 Kb4
61.Kb2 c4
62.Kc2 Bb5a4
63.Kb2 Ba4b3
64.Kb1 Kc3
65.Kc1 Bb3a4
66.Kb1 Kd2
67.Kb2 c3
68.Kb1 c2
69.Ka2 Ba4b3
70.Kxb3 c1Q
71.Ka2 Qc1c8
{ resign }
0-1

[Event "Tourn. n9662"]
[Site "www.chess-mail.com"]
[Date "2018.02.07"]
[Round "1"]
[White "Francesco"]
[Black "Orhany24"]
[WhiteElo "2090"]
[BlackElo "2100"]
[Result "0-1"]
[Round "1"]
1.e4 e5
2.Nb1c3 Ng8f6
3.f4 d6
4.fxe5 dxe5
5.Bf1c4 c5
6.Ng1f3 Nb8c6
7.O-O Bf8d6
8.d3 O-O
9.Bc1g5 h6
10.Bg5h4 Bc8g4
11.h3 Bg4h5
12.Nc3d5 Nc6d4
13.g4 Bh5g6
14.Nd5xf6 gxf6
15.Nf3xd4 cxd4
16.Bh4xf6 Qd8d7
17.Bf6h4 Bd6e7
18.Bh4g3 Be7g5
19.Qd1e2 h5
20.gxh5 Qd7xh3
21.Bg3xe5 Bg5e3
22.Rf1f2 Bg6xh5
23.Qe2f1 Qh3g4
24.Kh2 Qg4h4
25.Kg2 Qh4g4
26.Kh1 Be3xf2
27.Qf1xf2 Qg4h3
28.Be5h2 Bh5f3
29.Kg1 Kh7
30.Qf2g3 Rf8g8
{ resign }
0-1

[Event "Tourn. n9684"]
[Site "www.chess-mail.com"]
[Date "2018.02.07"]
[Round "1"]
[White "Claymil"]
[Black "Awfen"]
[WhiteElo "2040"]
[BlackElo "2030"]
[Result "0-1"]
[Round "1"]
1.c4 Nb8c6
2.Nb1c3 Ng8f6
3.g3 e5
4.Bf1g2 d6
5.e3 Bc8g4
6.f3 Bg4e6
7.b3 Bf8e7
8.Ng1e2 O-O
9.d4 exd4
10.exd4 d5
11.c5 b6
12.cxb6 axb6
13.O-O Qd8c8
14.Ne2f4 Nc6xd4
15.Qd1xd4 Be7c5
16.Qd4xc5 bxc5
17.Nf4xe6 fxe6
18.Bc1b2 Ra8b8
19.Rf1e1 Qc8d7
20.Bg2h3 Rb8e8
21.Ra1d1 Qd7c6
22.Rd1d2 d4
23.Nc3e2 Qc6xf3
24.Bb2c1 Nf6e4
25.Re1f1 Qf3e3
26.Kg2 Rf8xf1
{ resign }
0-1

[Event "Tourn. n9656"]
[Site "www.chess-mail.com"]
[Date "2018.02.07"]
[Round "1"]
[White "Pariolinius"]
[Black "Picifarkinca"]
[WhiteElo "1670"]
[BlackElo "1650"]
[Result "0-1"]
[Round "1"]
1.e4 c6
2.d4 d5
3.Nb1c3 dxe4
4.Nc3xe4 Bc8f5
5.Ne4g3 Bf5g6
6.Ng1f3 e6
7.Bf1d3 Bg6xd3
8.Qd1xd3 Nb8d7
9.Bc1f4 Ng8f6
10.O-O Bf8e7
11.c4 O-O
12.Rf1e1 Nd7c5
13.Qd3c2 Nc5d7
14.c5 Nf6d5
15.Bf4d2 Nd7f6
16.Nf3e5 Nf6d7
17.Ne5g4 Nd7f6
18.Ng4h6 Kh8
19.Ng3e4 Nf6xe4
20.Qc2xe4 gxh6
21.Bd2xh6 Rf8g8
22.Ra1d1 Be7g5
23.Qe4e5 Bg5f6
24.Qe5h5 Rg8g6
25.Bh6c1 Qd8g8
26.Rd1d3 Rg6xg2
27.Kh1 Qg8g6
28.Qh5xg6 Rg2xg6
29.Rd3f3 Kg7
30.Re1g1 Bf6xd4
31.Rg1xg6 hxg6
32.b3 Bd4xc5
33.Bc1d2 Ra8h8
34.Bd2f4 Nd5xf4
35.Rf3xf4 Bc5d6
36.Rf4f3 Bd6xh2
37.Kg2 Bh2c7
38.Rf3d3 Rh8d8
{ resign }
0-1

[Event "Tourn. n9648"]
[Site "www.chess-mail.com"]
[Date "2018.02.07"]
[Round "1"]
[White "Tartan"]
[Black "Numanoid"]
[WhiteElo "2540"]
[BlackElo "2420"]
[Result "1-0"]
[Round "1"]
1.d4 d5
2.c4 e6
3.Nb1c3 Ng8f6
4.Bc1g5 c5
5.cxd5 cxd4
6.Qd1xd4 Bf8e7
7.e4 Nb8c6
8.Qd4d2 Nf6xd5
9.exd5 Be7xg5
10.f4 Bg5h4
11.g3 exd5
12.gxh4 O-O
13.Ng1f3 d4
14.Nc3e2 Rf8e8
15.Kf2 Qd8b6
16.Ne2g3 Bc8g4
17.Bf1d3 Nc6b4
18.Nf3e5 Bg4e6
19.b3 Nb4d5
20.f5 Be6c8
21.Ra1e1 { resign }
1-0

[Event "Match"]
[Site "www.echecsemail.com"]
[Date "2018.02.07"]
[Round "1"]
[White "Jovaras"]
[Black "Hundegana"]
[WhiteElo "1809"]
[BlackElo "2020"]
[Result "1-0"]
[Round "1"]
1.e4 c5
2.Ng1f3 Qd8c7
3.d4 cxd4
4.Nf3xd4 e5
5.Nd4f3 Nb8c6
6.Nb1c3 Bf8b4
7.Bc1d2 Nc6d4
8.Bf1d3 Ng8e7
9.O-O O-O
10.a3 Nd4xf3
11.Qd1xf3 Bb4xc3
12.Bd2xc3 d6
13.Qf3g3 Ne7g6
14.Bc3d2 Bc8e6
15.h4 Ng6f4
16.Bd2xf4 exf4
17.Qg3xf4 Ra8d8
18.h5 a6
19.h6 g6
20.Qf4f6 d5
21.Qf6g7 { resign }
1-0

[Event "Match"]
[Site "www.echecsemail.com"]
[Date "2018.02.07"]
[Round "1"]
[White "Apdash"]
[Black "Obisporey"]
[WhiteElo "2330"]
[BlackElo "2600"]
[Result "0-1"]
[Round "1"]
1.e4 c5
2.f4 d5
3.e5 Nb8c6
4.Ng1f3 Bc8g4
5.Bf1b5 e6
6.O-O Ng8e7
7.c3 Qd8b6
8.Bb5e2 Ne7f5
9.Kh1 Bf8e7
10.Qd1e1 O-O
11.h3 Be7h4
12.Nf3xh4 Bg4xe2
13.Rf1g1 Be2d3
14.Nh4xf5 Bd3xf5
15.Qe1e3 Ra8d8
16.d3 d4
17.Qe3e2 Qb6a6
18.c4 Nc6b4
19.Rg1d1 Bf5xd3
{ resign }
0-1

[Event "Match"]
[Site "www.echecsemail.com"]
[Date "2018.02.07"]
[Round "1"]
[White "Rindrandria"]
[Black "Ranjachess"]
[WhiteElo "1760"]
[BlackElo "1840"]
[Result "1-0"]
[Round "1"]
1.e4 Nb8c6
2.Bf1c4 e6
3.c3 Nc6e5
4.Bc4b3 Qd8f6
5.d4 Ne5d3
6.Qd1xd3 d5
7.exd5 exd5
8.Bb3xd5 Qf6f5
9.Bd5e4 Qf5e6
10.Ng1e2 Ng8f6
11.Nb1d2 Bf8d6
12.Be4xb7 Bc8xb7
13.Qd3b5 Nf6d7
14.Qb5xb7 O-O
15.Qb7b5 Rf8e8
16.O-O Re8e7
17.Rf1e1 Bd6f4
18.Nd2f3 Ra8b8
19.Qb5a5 Bf4xc1
20.Ra1xc1 Rb8xb2
21.Ne2g3 Qe6f6
22.c4 g5
23.Ng3e4 Qf6f4
24.Ne4xg5 Re7xe1
25.Qa5xe1 Nd7f6
26.g3 Qf4d6
27.a4 Nf6g4
28.Ng5e4 Qd6h6
29.Nf3h4 f5
30.Qe1d1 Kf7
31.f4 Rb2xh2
32.Ne4g5 Kf6
33.Qd1e1 Qh6f8
34.Ng5xh7 Kg7
35.Nh7xf8 Kxf8
36.Nh4xf5 Rh2h7
37.Rc1b1 Ng4f6
38.Rb1b8 Kf7
39.d5 Kg6
40.Qe1e6 Rh7f7
41.Rb8g8 Kh7
42.Qe6xf7 
1-0

[Event "Match"]
[Site "www.echecsemail.com"]
[Date "2018.02.07"]
[Round "1"]
[White "Lion123"]
[Black "Iko"]
[WhiteElo "1590"]
[BlackElo "1650"]
[Result "1-0"]
[Round "1"]
1.e4 e5
2.Ng1f3 d5
3.exd5 Qd8xd5
4.Nb1c3 Qd5e6
5.b3 e4
6.Nf3g5 Qe6f5
7.Ng5xe4 Bf8b4
8.Bf1d3 Qf5e5
9.Bc1b2 f5
10.Nc3a4 Qe5e7
11.O-O fxe4
12.Rf1e1 Ng8f6
13.Bb2xf6 Qe7xf6
14.Re1xe4 Bc8e6
15.Qd1h5 g6
16.Qh5e5 Qf6xe5
17.Re4xe5 Kf7
18.Na4c3 Nb8c6
19.Re5e4 Bb4xc3
20.dxc3 Ra8e8
21.Ra1e1 Be6d5
22.Re4f4 Kg7
23.Re1xe8 Rh8xe8
24.h3 g5
25.Rf4f5 Re8e1
26.Kh2 Re1e5
27.Kg3 h5
28.f4 Re5e3
29.Kf2 Re3xd3
30.cxd3 Nc6e7
31.Rf5xg5 Kh6
32.g4 hxg4
33.hxg4 Ne7c6
34.Rg5xd5 Nc6e7
35.Rd5d7 Ne7c6
36.Rd7xc7 Nc6d8
37.Rc7d7 Nd8c6
38.Rd7d6 Kg7
39.Rd6xc6 bxc6
40.Ke3 Kf6
41.Kd4 Ke6
42.Kc5 Kd7
43.f5 Ke7
44.g5 Kf7
45.Kd6 Kg7
46.f6 Kg6
47.Ke7 Kxg5
48.f7 Kg6
49.f8Q Kh7
50.Kf6 a5
51.Qf8g7 
1-0

[Event "Match"]
[Site "www.echecsemail.com"]
[Date "2018.02.07"]
[Round "1"]
[White "Caroluigi"]
[Black "Muderfuger"]
[WhiteElo "1510"]
[BlackElo "1540"]
[Result "1-0"]
[Round "1"]
1.e4 Ng8h6
2.Ng1f3 e5
3.Bf1c4 Bf8c5
4.d3 g5
5.Bc1xg5 f6
6.Bg5xh6 d5
7.Bc4xd5 f5
8.Bh6g7 Rh8g8
9.Bd5xg8 Ke7
10.Bg8xh7 fxe4
11.Bg7h6 Qd8h8
12.Bh6g5 Kf7
13.Bh7xe4 Qh8g8
14.Be4d5 Bc8e6
15.Bd5xb7 Nb8d7
16.Bb7xa8 Qg8xa8
17.Nf3xe5 Nd7xe5
18.Qd1h5 Ne5g6
19.Qh5h7 Ke8
20.Qh7xg6 Be6f7
21.Qg6e4 Qa8xe4
22.dxe4 a5
23.Nb1c3 Bc5d4
24.Ra1d1 Bd4a7
25.Rd1d8 
1-0

[Event "1/128 Finale"]
[Site "www.chess-mail.com"]
[Date "2018.02.07"]
[Round "1"]
[White "Mitja"]
[Black "Attatroll"]
[WhiteElo "2040"]
[BlackElo "1950"]
[Result "0-1"]
[Round "1"]
1.d4 Ng8f6
2.e3 e6
3.c3 d5
4.Ng1f3 c5
5.dxc5 Bf8xc5
6.Nb1d2 O-O
7.Nd2b3 Bc5b6
8.Bf1d3 Nb8c6
9.Bd3c2 Qd8c7
10.Nf3d4 Nc6xd4
11.Nb3xd4 Bc8d7
12.O-O Ra8c8
13.h3 e5
14.Nd4f3 Bd7b5
15.Rf1e1 Rf8d8
16.Nf3h2 d4
17.Bc2f5 Bb5d7
18.Bf5xd7 Qc7xd7
19.cxd4 exd4
20.exd4 Bb6xd4
21.Qd1f3 Bd4b6
22.Bc1g5 Rc8c6
23.Ra1d1 Rc6d6
24.Rd1xd6 Qd7xd6
25.Qf3xb7 Qd6c5
26.Qb7f3 Qc5xg5
27.Nh2f1 h6
28.Nf1e3 Bb6xe3
29.Re1xe3 Qg5d5
30.Qf3f4 Qd5d1
31.Kh2 Qd1d6
32.Qf4xd6 Rd8xd6
33.b3 Kf8
34.Kg3 Nf6d5
35.Re3d3 Ke7
36.Kf3 a5
37.Ke4 Nd5f6
38.Ke3 Rd6xd3
39.Kxd3 Kd6
40.a3 Kc5
41.f3 Nf6h5
42.Ke3 Nh5f6
43.Kd3 Nf6d5
44.g3 Nd5c7
45.b4 axb4
46.axb4 Kxb4
47.Ke4 Kc5
48.Ke5 Nc7e6
49.f4 Kc6
50.f5 Ne6g5
51.h4 f6
52.Kf4 Ng5h7
53.h5 Kd5
54.Kf3 Kd4
55.Kf4 Kd3
56.Kf3 Nh7g5
57.Kf4 Ng5h3
58.Kf3 Kd2
59.g4 Nh3g5
60.Kg3 Ke3
61.Kh4 Ng5e4
62.Kh3 Ne4f2
63.Kg3 Nf2xg4
64.Kxg4 Ke4
65.Kg3 Kxf5
66.Kh4 Ke4
67.Kg3 f5
68.Kh3 Kf4
69.Kh4 Kf3
{ resign }
0-1

[Event "Fast Game"]
[Site "www.echecsemail.com"]
[Date "2018.02.07"]
[Round "1"]
[White "Izastar"]
[Black "Stevep84"]
[WhiteElo "1839"]
[BlackElo "1990"]
[Result "1-0"]
[Round "1"]
1.f4 e5
2.fxe5 d6
3.exd6 Bf8xd6
4.Ng1f3 Ng8f6
5.d3 Nb8c6
6.e4 Bc8g4
7.Bf1e2 Bg4xf3
8.Be2xf3 Nf6xe4
9.Bf3xe4 Qd8h4
10.g3 Bd6xg3
11.hxg3 Qh4xg3
12.Kf1 O-O-O
13.Qd1f3 Qg3d6
14.Be4xc6 bxc6
15.Nb1c3 f5
16.Qf3f4 Qd6e6
17.Bc1d2 g5
18.Qf4xg5 Rh8g8
19.Qg5e3 Qe6g6
20.Rh1g1 Qg6d6
21.Rg1xg8 Rd8xg8
22.Ra1e1 Kb7
23.Ke2 Rg8g3
24.Qe3f2 Qd6g6
25.Kd1 Rg3g2
26.Qf2c5 h5
27.Qc5b4 Kc8
28.Nc3e2 Rg2g4
29.Qb4e7 h4
30.Ne2f4 Rg4xf4
31.Bd2xf4 Qg6g4
32.Qe7e2 Qg4xf4
33.Qe2e6 Kb7
34.Qe6b3 Ka6
35.Qb3c4 { resign }
1-0

[Event "Fast Game"]
[Site "www.echecsemail.com"]
[Date "2018.02.07"]
[Round "1"]
[White "Pellix84"]
[Black "Hennie4820"]
[WhiteElo "1610"]
[BlackElo "1650"]
[Result "0-1"]
[Round "1"]
1.d4 Ng8f6
2.e3 g6
3.Bf1d3 Bf8g7
4.Ng1e2 O-O
5.O-O d6
6.c4 Nb8d7
7.Nb1c3 e5
8.Ne2g3 c6
9.h4 Qd8c7
10.h5 Rf8e8
11.hxg6 fxg6
12.Bc1d2 Nd7b6
13.f3 exd4
14.exd4 d5
15.Kf2 dxc4
16.Bd3c2 Nf6d5
17.Rf1h1 Bg7xd4
18.Kf1 Qc7xg3
19.Bd2e1 Nd5e3
{ resign }
0-1

[Event "Tourn. n9671"]
[Site "www.chess-mail.com"]
[Date "2018.02.08"]
[Round "1"]
[White "Dussek"]
[Black "Claymil"]
[WhiteElo "1840"]
[BlackElo "2030"]
[Result "0-1"]
[Round "1"]
1.d4 d5
2.c4 e6
3.Nb1c3 g6
4.Ng1f3 h6
5.Bc1f4 Bf8g7
6.e3 a6
7.Bf1d3 dxc4
8.Bd3xc4 Ng8e7
9.O-O O-O
10.Qd1c2 b5
11.Bc4d3 Bc8b7
12.e4 Nb8c6
13.a3 Ra8c8
14.Nc3e2 Kh7
15.Ra1c1 f5
16.e5 Ne7d5
17.Bf4g3 Nc6e7
18.Ne2c3 c5
19.Qc2d2 cxd4
20.Nf3xd4 Nd5xc3
21.Rc1xc3 Qd8xd4
22.Kh1 Bg7xe5
23.f4 Be5g7
24.Rf1c1 Rc8xc3
25.Rc1xc3 Qd4d7
26.Rc3c2 Rf8d8
27.Qd2e3 Qd7xd3
28.Qe3xd3 Rd8xd3
29.Kg1 Bg7d4
30.Kf1 Ne7d5
31.Bg3h4 Nd5e3
{ resign }
0-1

[Event "Tourn. n9702"]
[Site "www.chess-mail.com"]
[Date "2018.02.08"]
[Round "1"]
[White "Luban"]
[Black "Pellix84"]
[WhiteElo "2130"]
[BlackElo "2060"]
[Result "0-1"]
[Round "1"]
1.d4 Ng8f6
2.c4 e6
3.a3 b6
4.Ng1f3 Bc8b7
5.e3 c5
6.h3 cxd4
7.exd4 d5
8.Bc1e3 Qd8c7
9.Nb1d2 Nb8d7
10.Bf1e2 Bf8d6
11.Ra1c1 Ra8c8
12.Nd2b3 Qc7b8
13.O-O O-O
14.c5 bxc5
15.Nb3xc5 Nd7xc5
16.dxc5 Bd6f4
17.Be3xf4 Qb8xf4
18.b4 a6
19.Rf1e1 Rf8d8
20.Qd1a4 d4
21.c6 d3
22.cxb7 Rc8xc1
23.Re1xc1 Qf4xc1
24.Be2d1 Nf6e4
{ resign }
0-1

[Event "Tourn. n9649"]
[Site "www.chess-mail.com"]
[Date "2018.02.08"]
[Round "1"]
[White "Mozgegorov"]
[Black "Falcoale"]
[WhiteElo "1709"]
[BlackElo "1840"]
[Result "1-0"]
[Round "1"]
1.e4 c5
2.Ng1f3 e6
3.Nb1c3 Nb8c6
4.d4 cxd4
5.Nf3xd4 a6
6.Bc1e3 Ng8f6
7.Nd4xc6 bxc6
8.e5 Nf6d5
9.Nc3xd5 cxd5
10.Bf1d3 Bc8b7
11.O-O Qd8c7
12.f4 Qc7c6
13.Qd1e2 Bf8e7
14.c3 O-O
15.Rf1f3 f5
16.Rf3h3 d6
17.Qe2h5 h6
18.Rh3g3 Kh8
19.a4 Be7d8
20.a5 dxe5
21.Qh5g6 Qc6d7
22.fxe5 Qd7f7
23.Be3c5 Qf7xg6
24.Rg3xg6 Rf8e8
25.b4 Kh7
26.Rg6g3 g6
27.Bc5e3 Re8f8
28.Be3d4 Ra8c8
29.Ra1f1 Bd8g5
30.Bd3e2 Bg5d2
31.Rg3d3 Bd2g5
32.Bd4e3 f4
33.Be3c5 Rf8f5
34.Bc5d4 Bg5d8
35.Be2g4 Bb7c6
36.Bg4xf5 gxf5
37.Rf1xf4 Bc6b5
38.Rd3h3 Bd8g5
39.Rf4f2 Bb5c4
40.Rh3f3 Rc8g8
41.g3 Rg8c8
42.h4 Bg5e7
43.g4 Be7xh4
44.Rf2h2 Bh4g5
45.gxf5 Rc8f8
46.f6 Rf8f7
47.Rf3h3 Kg6
48.Bd4e3 Bg5xe3
49.Rh3xe3 h5
50.Re3g3 Kh6
51.Rg3h3 Kg6
52.Rh3xh5 Bc4d3
53.Kf2 Bd3e4
54.Rh5h8 Kf5
55.Rh2h7 Rf7xh7
56.Rh8xh7 Kxe5
57.f7 { resign }
1-0

[Event "Tourn. n9720"]
[Site "www.chess-mail.com"]
[Date "2018.02.08"]
[Round "1"]
[White "Begory"]
[Black "Picifarkinca"]
[WhiteElo "1600"]
[BlackElo "1660"]
[Result "0-1"]
[Round "1"]
1.d4 d5
2.c4 dxc4
3.Qd1a4 c6
4.Qa4xc4 Ng8f6
5.Bc1g5 e6
6.Ng1f3 Nb8d7
7.e3 Qd8a5
8.Qc4c3 Bf8b4
{ resign }
0-1

[Event "Tourn. n9717"]
[Site "www.chess-mail.com"]
[Date "2018.02.08"]
[Round "1"]
[White "Coolant"]
[Black "Piekki"]
[WhiteElo "2270"]
[BlackElo "2170"]
[Result "0-1"]
[Round "1"]
1.d4 Ng8f6
2.Ng1f3 g6
3.Nb1d2 d5
4.c4 Bf8g7
5.cxd5 Qd8xd5
6.e4 Nf6xe4
7.Bf1c4 Qd5a5
8.Qd1b3 O-O
9.O-O Ne4d6
10.Rf1e1 Bc8g4
11.Re1xe7 Nb8c6
12.Re7e1 Bg4xf3
{ resign }
0-1

[Event "Tourn. n9652"]
[Site "www.chess-mail.com"]
[Date "2018.02.08"]
[Round "1"]
[White "Mitja"]
[Black "Prize64"]
[WhiteElo "2030"]
[BlackElo "2130"]
[Result "1/2-1/2"]
[Round "1"]
1.d4 Ng8f6
2.e3 g6
3.c3 Bf8g7
4.Ng1f3 d6
5.Bf1e2 O-O
6.O-O Nb8d7
7.Nb1d2 c5
8.dxc5 Nd7xc5
9.Nd2b3 Nc5e4
10.Nf3d2 b6
11.Nd2xe4 Nf6xe4
12.Nb3d2 Bc8b7
13.Nd2xe4 Bb7xe4
14.Be2f3 Be4xf3
15.Qd1xf3 d5
16.Rf1d1 e6
17.e4 dxe4
18.Rd1xd8 exf3
19.Rd8xa8 Rf8xa8
20.gxf3 Ra8d8
21.Bc1e3 Rd8d7
22.Ra1c1 Rd7d3
23.Kg2 Kf8
24.Kf1 Ke7
25.Ke2 Rd3d7
26.Rc1d1 Rd7xd1
27.Kxd1 Kd6
28.Kd2 Kd5
29.Kd3 Bg7e5
30.f4 Be5g7
31.c4 Kc6
32.b3 a6
33.a4 b5
34.Be3d4 bxc4
35.Kxc4 Bg7f8
36.b4 Bf8d6
37.Bd4e5 Bd6e7
38.h3 Be7h4
39.f3 Bh4f2
40.Be5d4 Bf2g3
41.Bd4e5 Bg3e1
42.b5 axb5
43.axb5 Kb7
44.Kc5 Be1h4
45.b6 Bh4e7
46.Be5d6 Be7d8
47.Kb5 Bd8xb6
48.Bd6c5 Bb6xc5
49.Kxc5 Kc7
50.h4 h5
51.Kd4 Kd6
52.Ke4 f6
53.Kd4 e5
54.fxe5 fxe5
55.Ke4 Ke6
56.f4 exf4
57.Kxf4 Kf6
58.Ke4 { draw }
1/2-1/2

[Event "Tourn. n9699"]
[Site "www.chess-mail.com"]
[Date "2018.02.08"]
[Round "1"]
[White "Cal"]
[Black "Begory"]
[WhiteElo "1570"]
[BlackElo "1580"]
[Result "1-0"]
[Round "1"]
1.d4 d5
2.h3 c5
3.dxc5 Qd8a5
4.Bc1d2 Qa5xc5
5.e3 Bc8f5
6.Bf1d3 Bf5xd3
7.cxd3 Nb8c6
8.Nb1c3 d4
9.Nc3e4 Qc5b5
10.b3 dxe3
11.Bd2xe3 O-O-O
12.Ng1f3 Rd8xd3
13.Nf3d2 e6
14.O-O Bf8b4
15.Ra1c1 Ng8e7
16.Qd1e2 a6
17.Nd2c4 Rh8d8
18.Ne4g5 f6
19.Ng5f7 Rd8f8
20.Qe2xd3 Rf8xf7
21.a3 Bb4xa3
22.Rc1b1 g6
23.b4 Nc6xb4
24.Nc4d6 { resign }
1-0

[Event "Tourn. n9663"]
[Site "www.chess-mail.com"]
[Date "2018.02.08"]
[Round "1"]
[White "Odin"]
[Black "Caspito"]
[WhiteElo "1880"]
[BlackElo "1870"]
[Result "0-1"]
[Round "1"]
1.e4 e5
2.f4 exf4
3.d3 Qd8h4
4.g3 fxg3
5.Bc1e3 g2
6.Be3f2 gxh1Q
7.Bf2xh4 Qh1xg1
8.Qd1f3 f6
9.Bh4g3 Qg1b6
10.b3 d6
11.Bf1g2 Nb8c6
12.Nb1d2 Nc6d4
13.Qf3d1 h5
14.Bg3f2 Bc8g4
15.Nd2f3 O-O-O
16.Bf2xd4 Qb6a5
17.Kf2 Bg4xf3
18.Bg2xf3 g5
19.Bf3xh5 Kb8
20.Kg3 Rh8h6
21.a3 d5
22.b4 Qa5a6
23.Bh5f7 Bf8d6
24.Kf3 Rh6h3
25.Kg4 Rh3xh2
26.Qd1g1 Ng8h6
27.Kf3 g4
28.Ke3 g3
29.Bf7xd5 Rh2xc2
30.Qg1d1 Rc2h2
31.Bd5c4 Qa6c6
32.b5 Qc6e8
33.a4 g2
34.Bd4xf6 Rh2h1
35.Qd1xh1 gxh1Q
36.Ra1xh1 Nh6g4
37.Kd2 Ng4xf6
38.Rh1e1 Bd6b4
{ resign }
0-1

[Event "Match"]
[Site "www.echecsemail.com"]
[Date "2018.02.08"]
[Round "1"]
[White "Axphis"]
[Black "Chapi"]
[WhiteElo "1809"]
[BlackElo "2100"]
[Result "1-0"]
[Round "1"]
1.d4 d5
2.Ng1f3 c5
3.c4 Nb8c6
4.cxd5 Qd8xd5
5.Nb1c3 Qd5d8
6.d5 Nc6b4
7.e4 g6
8.Bf1b5 Bc8d7
9.Bb5xd7 Qd8xd7
10.Nf3e5 Qd7d6
11.Qd1a4 Nb4c6
12.dxc6 bxc6
13.O-O Ra8c8
14.Bc1f4 Bf8g7
15.Nc3b5 Qd6b8
16.Nb5xa7 Bg7xe5
17.Bf4xe5 Qb8xe5
18.Na7xc8 Ng8f6
19.Qa4xc6 Kf8
20.f3 Kg7
21.Rf1f2 Rh8d8
22.Ra1c1 Rd8d3
23.Qc6xc5 { resign }
1-0

[Event "Match"]
[Site "www.echecsemail.com"]
[Date "2018.02.08"]
[Round "1"]
[White "Numanoid"]
[Black "Gidi5"]
[WhiteElo "2410"]
[BlackElo "2280"]
[Result "1-0"]
[Round "1"]
1.b4 d6
2.Bc1b2 e5
3.c4 Ng8f6
4.g3 g6
5.Bf1g2 Bf8g7
6.Ng1f3 O-O
7.O-O Nb8d7
8.d3 Rf8e8
9.Nb1c3 Nd7f8
10.a4 Bc8g4
11.Nf3d2 c6
12.b5 Qd8c7
13.a5 Ra8d8
14.a6 e4
15.h3 Bg4d7
16.dxe4 cxb5
17.Nc3xb5 Bd7xb5
18.cxb5 b6
19.Ra1c1 Qc7b8
20.Bb2a3 Nf8e6
21.Nd2b3 Ne6c5
22.Nb3xc5 dxc5
23.Qd1c2 Rd8d4
24.e3 Rd4d7
25.Rf1d1 Re8d8
26.Ba3b2 Qb8c7
27.Rd1xd7 Rd8xd7
28.Rc1d1 Qc7d8
29.Rd1xd7 Qd8xd7
30.e5 Nf6d5
31.Qc2c4 Nd5b4
32.Bb2c3 Qd7d1
33.Bg2f1 Nb4d5
34.Kg2 Nd5xc3
35.Qc4xc3 Qd1d5
36.Kh2 Bg7xe5
37.Qc3c4 Qd5f3
38.Qc4e2 Qf3xe2
39.Bf1xe2 g5
40.Kg2 Kg7
41.Be2d3 h6
42.Kf3 h5
43.Ke4 Be5c3
44.g4 hxg4
45.hxg4 Kf6
46.Kd5 Bc3e1
47.f3 Ke7
48.Kc6 { resign }
1-0

[Event "Match"]
[Site "www.echecsemail.com"]
[Date "2018.02.08"]
[Round "1"]
[White "Bojan"]
[Black "Mitja"]
[WhiteElo "1970"]
[BlackElo "2100"]
[Result "0-1"]
[Round "1"]
1.Ng1f3 d5
2.b3 e6
3.Bc1b2 Ng8f6
4.a3 c6
5.g3 Nb8d7
6.Bf1g2 Nd7b6
7.e3 Bf8e7
8.O-O Nb6d7
9.d4 b6
10.Qd1d3 Bc8b7
11.Rf1e1 O-O
12.Nb1d2 Rf8e8
13.Nf3e5 Qd8c7
14.f4 h6
15.Ra1c1 c5
16.c3 a5
17.a4 Ra8b8
18.h3 Nf6h5
19.Kf2 Nh5f6
20.Bg2f3 Nd7xe5
21.dxe5 Nf6e4
22.Kg2 Ne4xd2
23.Qd3xd2 Bb7a6
24.h4 Re8d8
25.Qd2f2 Kf8
26.Kh3 Rd8c8
27.e4 dxe4
28.Bf3xe4 Ba6b7
29.Be4xb7 Qc7xb7
30.c4 Rc8d8
31.Re1d1 Rd8xd1
32.Rc1xd1 Rb8d8
33.Rd1e1 g6
34.Qf2c2 Qb7f3
35.Re1e2 Rd8d3
36.Re2g2 h5
37.Bb2c1 Be7xh4
38.Kxh4 Qf3g4
{ resign }
0-1